STN EN 16247-3: 2016 (38 0001) [neplatná], Energetické audity Časť 3 Procesy
Táto norma je slovenskou verziou európskej normy EN 16247-3: 2014. Preklad zabezpečil Úrad pre normalizáciu, metrológiu a skúšobníctvo Slovenskej republiky. Táto norma má rovnaké postavenie, ako majú oficiálne verzie
| Other Authors: | |
|---|---|
| Format: | Book |
| Language: | Slovak English |
| PhysicalDescription: | 20 strán obrázky 30 cm |
| Published: |
Bratislava
Úrad pre normalizáciu, metrológiu a skúšobníctvo Slovenskej republiky
2016
|
| Subjects: |
MARC
| LEADER | 00000cam a2200000 a 4500 | ||
|---|---|---|---|
| 001 | vtls011545032 | ||
| 003 | SK-MaSNL | ||
| 005 | 20260301220227.0 | ||
| 008 | 160413s2016 xo a f nu 000 0 slo | ||
| 015 | |a SNBN2016 | ||
| 040 | |a SNK |b slo |c SNK |e AACR2 | ||
| 041 | 1 | |a slo |h eng | |
| 044 | |a xo |c SK | ||
| 046 | |a m |m 20160401 (účin.) |n 20221101 (zruš.) | ||
| 072 | 7 | |a 005 |x Manažment. Riadenie |2 konspekt | |
| 072 | 7 | |a 620.9 |x Energetika |2 konspekt | |
| 080 | |a 005.6 |2 2011 | ||
| 080 | |a 006.7/.8 |2 2001 | ||
| 080 | |a (437.6) |2 2001 | ||
| 080 | |a (4) |2 2001 | ||
| 080 | |a 620.9 |2 2001 | ||
| 080 | |a (083) |2 2001 | ||
| 084 | |a 03.120.10 |2 ICS | ||
| 084 | |a 27.010 |2 ICS | ||
| 130 | 0 | |a STN 38 0001 (STN EN 16247-3) [neplatná] |9 607095 | |
| 245 | 1 | 0 | |a STN EN 16247-3: 2016 (38 0001) [neplatná], Energetické audity |n Časť 3 |p Procesy |
| 246 | 1 | 0 | |a Energetické audity |
| 246 | 1 | 0 | |a Procesy |
| 246 | 3 | 0 | |a EN 16247-3: 2014 SK |
| 260 | |a Bratislava |b Úrad pre normalizáciu, metrológiu a skúšobníctvo Slovenskej republiky |c 2016 | ||
| 300 | |a 20 strán |b obrázky |c 30 cm | ||
| 500 | |a Súbežný názov v angličtine, francúzštine, nemčine | ||
| 500 | |a Spracovateľ: E.Q.M. Systém Piešťany, Artuš Ploszek | ||
| 500 | |a Táto norma nahrádza anglickú verziu STN EN 16247-3 z decembra 2014 v celom rozsahu | ||
| 500 | |a Norma je nahradená anglickou verziou normy STN EN 16247-3 z novembra 2022, ktorú nahradila slovenská verzia normy STN EN 16247-3 z decembra 2024 | ||
| 504 | |a Normatívne referenčné dokumenty na strane 2 a bibliografia na strane 20 | ||
| 520 | 8 | |a Táto norma je slovenskou verziou európskej normy EN 16247-3: 2014. Preklad zabezpečil Úrad pre normalizáciu, metrológiu a skúšobníctvo Slovenskej republiky. Táto norma má rovnaké postavenie, ako majú oficiálne verzie | |
| 540 | |a STN vydané na akomkoľvek nosiči sa môžu rozmnožovať a rozširovať iba so súhlasom určenej právnickej osoby |b SÚTN Bratislava |c zákon 264/1999 Z. z. | ||
| 650 | 0 | 7 | |a manažment kvality |2 SNKPH |9 932 |
| 650 | 0 | 7 | |a technické normy a štandardy |z Slovensko |2 SNKPH |9 79594 |
| 650 | 0 | 7 | |a technické normy a štandardy |z krajiny Európskej únie |2 SNKPH |9 289341 |
| 650 | 0 | 7 | |a energetika |2 SNKPH |9 3680 |
| 650 | 0 | 7 | |a Quality management |2 SNKPHeng |9 276990 |
| 650 | 0 | 7 | |a Energetics |2 SNKPHeng |9 265211 |
| 655 | 7 | |a normy |2 SNKPH |9 70643 | |
| 700 | 1 | |a Ploszek, Artuš |4 trl |9 331360 | |
| 710 | 1 | |a Slovensko. |b Úrad pre normalizáciu, metrológiu a skúšobníctvo |4 stn |9 158117 | |
| 710 | 2 | |a Slovenský ústav technickej normalizácie (Bratislava, Slovensko). |b Technická komisia č. 707 Energetické manažérstvo |4 stn |9 345745 | |
| 710 | 2 | |a E.Q.M. Systém (Piešťany, Slovensko) |4 stn |9 331361 | |
| 852 | |a Štátna vedecká knižnica v Banskej Bystrici | ||
| 958 | |a OP | ||
| 958 | |a NB | ||
| 999 | |c 931021 |d 932951 | ||
| 952 | |a SNK |b SNK |y PREZ |7 0 |p 17A1184683 |o snkSTN EN 16247-3 |i snk2016/10216 |8 0 |0 0 |1 0 |4 0 |d 2016-04-21 |l 0 |r 2026-02-24 08:47:53 |w 2026-02-24 | ||
| 952 | |a SNK |b SNK |y PREZ |7 0 |p 17A1184684 |o snkSTN EN 16247-3 D1 |i snk2016/10218 |8 0 |0 0 |1 0 |4 0 |d 2016-04-21 |l 0 |r 2026-02-24 08:47:54 |w 2026-02-24 | ||


